World construction 2007-2008 (Record no. 107974)

MARC details
000 -LEADER
fixed length control field 01424cad a22002415a 4500
001 - CONTROL NUMBER
control field L142793
008 - FIXED-LENGTH DATA ELEMENTS--GENERAL INFORMATION
fixed length control field 080311s2008 xxkd f s 000 0 eng d
035 ## - SYSTEM CONTROL NUMBER
System control number (Sirsi) u142793
041 0# - LANGUAGE CODE
Language code of text/sound track or separate title eng
050 04 - LIBRARY OF CONGRESS CALL NUMBER
Classification number 338.4569 $2 18
110 2# - MAIN ENTRY--CORPORATE NAME
Corporate name or jurisdiction name as entry element Davis Langdon
9 (RLIN) 4649
245 00 - TITLE STATEMENT
Title World construction 2007-2008
Medium [electronic resource]
260 ## - PUBLICATION, DISTRIBUTION, ETC.
Place of publication, distribution, etc. [S.l.]
Name of publisher, distributor, etc. Davis Langdon
Date of publication, distribution, etc. 2008
490 #0 - SERIES STATEMENT
Series statement Davis Langdon World Construction
Volume/sequential designation 2007-08
520 ## - SUMMARY, ETC.
Summary, etc. Reveals world construction spending increased by only 3% in 2007, compared with nearly 5% growth in 2006, due to the weak US construction market and residential sector. Growth across the rest of the world was nearly 4%, only slightly down from 2006. The markets of Eastern Europe, the Middle East and Asia experienced the strongest demand in 2007, whereas other regional markets were quieter. In terms of short and medium term growth prospects, China is ranked first, followed by India, Russia and the UAE. The survey identifies construction market trends at the regional, national and metropolitan level across Africa, the Americas, Asia Pacific, Australasia, Europe, and the Middle East.
521 2# - TARGET AUDIENCE NOTE
Target audience note Advanced
590 ## - LOCAL NOTE (RLIN)
Local note KA
650 24 - SUBJECT ADDED ENTRY--TOPICAL TERM
Topical term or geographic name entry element DAVIS LANGDON WORLD CONSTRUCTION
651 #4 - SUBJECT ADDED ENTRY--GEOGRAPHIC NAME
Geographic name International
690 ## - LOCAL SUBJECT ADDED ENTRY--TOPICAL TERM (OCLC, RLIN)
Topical term or geographic name as entry element BUILT ENVIRONMENT-CONSTRUCTION MARKET
856 40 - ELECTRONIC LOCATION AND ACCESS
Uniform Resource Identifier <a href="https://www.davislangdon.com">https://www.davislangdon.com</a>
Public note View the item free of charge at www.davislangdon.com...
942 ## - ADDED ENTRY ELEMENTS (KOHA)
Suppress in OPAC 0
Holdings
Withdrawn status Lost status Source of classification or shelving scheme Damaged status Not for loan Home library Current library Shelving location Date acquired Total Checkouts Full call number Barcode Date last seen Copy number Price effective from Koha item type
    Dewey Decimal Classification     Virtual Virtual Online 11/03/2008   ONLINE PUBLICATION 142793-2001 06/08/2019 1 06/08/2019 Book